000 00365cam a2200157ua 4500
041 _aeng
_h
082 _a823.308
_bMUL/GE
100 _aMullik, B.R.
245 _aGeorge Eliot /
_cB R Mullik.
_hTextual Documents
250 _a1 /
_b.
260 _aNew Delhi :
_bS.Chand and Co ,
_c1965.
300 _a68 ; .
504 _a
942 _cBK
999 _c6852
_d6852